Statistics for English Cities Anagrams

Click here to take the quiz!

General Stats

  • This quiz has been taken 74 times
  • The average score is 12 of 15

Answer Stats

AnagramAnswer% Correct
PololiverLiverpool
99%
RachetsmenManchester
99%
DelesLeeds
99%
UllhHull
99%
BhatBath
97%
TokesStoke
97%
RokyYork
96%
DrabfordBradford
94%
StrobilBristol
85%
EtchersChester
68%
Ruby SailsSalisbury
63%
Bred MagicCambridge
58%
Hot LumpyPlymouth
58%
Any Bright MimicBirmingham
48%
Stone CardDoncaster
39%

Score Distribution

Percentile by Number Answered

Percent of People with Each Score

Your Score History

You have not taken this quiz